| 000 | 00547nam a22001817a 4500 | ||
|---|---|---|---|
| 999 |
_c58753 _d58753 |
||
| 005 | 20220714133645.0 | ||
| 008 | 220714s2020en xxu||||| |||| 00| 0 eng d | ||
| 020 | _a9781729460757 | ||
| 080 | _a657.15 W-21 | ||
| 100 |
_aWalther, Larry M. _914409 |
||
| 245 |
_aFinancial Accounting Workbook / _cLarry M. Walther |
||
| 250 | _a2020 Edition | ||
| 264 |
_aUSA, _c2020. |
||
| 653 | _aFinancial Accounting Workbook | ||
| 653 | _aფინანსური აღრიცხვა | ||
| 653 | _aბუღალტერია | ||
| 942 |
_2udc _cBK |
||